000 01194cam a2200265 a 4500
005 20160809101852.0
008 000711s1999 ck ab r 00010 spa d
020 _a9586482332
040 _ala
_cla
_dCO-BoIAVH
041 0 _aspa
044 _ack
082 0 4 _a333.72
_bP69m
245 0 0 _aPlan de manejo integral de la cuenca hidrográfica del río Aracataca :
_buna experiencia piloto para el desarrollo sostenible de la Sierra Nevada de Santa Marta /
_ccompiladores Alberto Barbieri [y otros 3]
260 _aBogotá, Colombia :
_bComitato Internazionale per lo Sviluppo dei Popoli, CORPAMAG,
_c1999.
300 _a278 páginas :
_bilustraciones ;
_c24 x 17 cm.+
_e15 mapas
504 _aIncluye referencias bibliográficas.
650 2 6 _aCuencas hidrográficas
_zAracataca (Río, Colombia)
650 2 6 _aRecursos naturales
_xconservación
_zColombia
650 2 6 _aCuencas hidrográficas
_xGestión ambiental
_zAracataca (Río, Colombia)
700 1 _aBarbieri, Alberto
_ecompilador
700 1 _aGomez Yoli, Ismael
_ecompilador
700 1 _aGrando, Luigi
_ecompilador
700 1 _aAvilés, Bernardo
_ecompilador
942 _2ddc
_cLIBRO
999 _c6273
_d6273